Documento firmado por el Virrey Juan Ruíz de Apodaca (Record no. 4632)

MARC details
000 -CABECERA
campo de control de longitud fija 01278nam a2200277 a 4500
001 - NÚMERO DE CONTROL
campo de control BRCA_4938
005 - FECHA Y HORA DE LA ÚLTIMA TRANSACCIÓN
campo de control 20190320204852.0
008 - DATOS DE LONGITUD FIJA--INFORMACIÓN GENERAL
campo de control de longitud fija 211010s1819----mx-#######---#000-0#spa-#
041 ## - CÓDIGO DE LENGUA
Código de lengua del texto/banda sonora o título independiente spa
044 ## - CÓDIGO DEL PAÍS DE LA ENTIDAD EDITORA/PRODUCTORA
Código MARC del país mx
084 ## - OTRO NÚMERO DE CLASIFICACIÓN
Número de clasificación DOC26
Número de documento/Ítem .R85
-- 1819
100 1# - ENTRADA PRINCIPAL--NOMBRE DE PERSONA
Nombre de persona Ruíz de Apodaca, Juan,
Títulos y otros términos asociados al nombre Conde del Venadito,
Fechas asociadas al nombre 1754-1835
9 (RLIN) 12533
245 10 - MENCIÓN DE TÍTULO
Título Documento firmado por el Virrey Juan Ruíz de Apodaca
Mención de responsabilidad, etc. Juan Ruíz de Apodaca.
260 ## - PUBLICACIÓN, DISTRIBUCIÓN, ETC.
Lugar de publicación, distribución, etc. México
Fecha de publicación, distribución, etc. 1819
300 ## - DESCRIPCIÓN FÍSICA
Extensión [3] fojas
Dimensiones 21 x 15 cm.
500 ## - NOTA GENERAL
Nota general Documento firmado el 9 de octubre de 1819.
500 ## - NOTA GENERAL
Nota general Documento que contiene una Real Orden transcrita por el Conde del Venadito y dirigida al señor Fiscal de Hacienda, en la que se concede a la Casa Gordon Murphy de Londres, un plazo de dos años para la realización de ciertas obras.
500 ## - NOTA GENERAL
Nota general El documento contiene la leyenda DOC. #35.
500 ## - NOTA GENERAL
Nota general Estado de conservación: contiene anotaciones en tinta roja.
506 0# - NOTA DE RESTRICCIONES AL ACCESO
Limitaciones de acceso Fondo Reservado. Para su consulta es necesario credencial de usuario y carta de motivos.
546 ## - NOTA DE LENGUA/LENGUAJE
Nota de lengua/lenguaje Texto en: español de principios del siglo XIX.
600 14 - PUNTO DE ACCESO ADICIONAL DE MATERIA--NOMBRE DE PERSONA
Nombre de persona Ruíz de Apodaca, Juan,
Títulos y otros términos asociados al nombre Conde del Venadito
Fechas asociadas al nombre 1754-1835
Subdivisión general Historia
9 (RLIN) 12534
651 #4 - PUNTO DE ACCESO ADICIONAL DE MATERIA--NOMBRE GEOGRÁFICO
Nombre geográfico México
Subdivisión general Historia
Subdivisión cronológica Colonia, 1521-1821
9 (RLIN) 12461
902 ## - CATALOGADOR
Iniciales FDH
942 ## - ELEMENTOS DE PUNTO DE ACCESO ADICIONAL (KOHA)
Fuente del sistema de clasificación o colocación Library of Congress Classification
Tipo de ítem Koha Documentos
Holdings
Estado de retiro Estado de pérdida Estado dañado No para préstamo Localización permanente Ubicación/localización actual Fecha de adquisición Total de préstamos Signatura topográfica completa Código de barras Fecha visto por última vez Precio válido a partir de Tipo de ítem Koha
El ejemplar forma parte de la colección y puede ser consultado según las políticas vigentes.       Biblioteca del Museo Franz Mayer (Rogerio Casas-Alatriste) Biblioteca del Museo Franz Mayer (Rogerio Casas-Alatriste) 21/10/2010   DOC26 .R85 1819 4999 22/03/2019 22/03/2019 Documentos